00925nam a2200253Ia 4500003000400000005001700004008004100021020001500062040001800077041000800095082002300103100002900126245005200155250001200207260006600219300002700285650003600312650003800348650002800386700002500414942003600439999001900475952017700494OSt20241025113118.0210716s2002 xx 000 0 und d a0070499209 cAIMIT LIBRARY aeng a005.1332 21bWRIC aWright, Charles.9183289 aC#: btips and techniques /cBy Charles Wright. a1st ed. aNew Delhi :bTata McGraw Hill Publishing Company Ltd ;c2002. axx,638p. ;bPBc23 cm. aLaying a c#fundamentals9183290 aWindows programming in c#9183291 aFile operations9183292 aJamsa, Kris.9183293 2ddccBKe1st ed.k005.1332 WRIC c185662d185662 00102ddc40708MCAaAIMITbAIMITeHigginbothams Pvt Ltdg375.00iBill no:5484; Bill dt:2005-06-04l0o005.1332 WRICpMCA05170r2025-07-21 00:00:00v318.75w2021-07-16yBK